000 00708nam a22002417a 4500
005 20170123162335.0
010 _aA-280101
020 _c60.00
035 _aA-280101
037 _bCen Lib/Ret
040 _aDPL
_bUR
082 _a841
_bم ح م
100 _aموحمد الی اثر
_9517
245 _aدکھنی غزل نشووغا /
_cموحمد الی اثر
246 _aDakhni ghazal nashoovagha /
_bby Mohmmad Ali Asar
260 _c1986
300 _a438p.
_c21cm(Hb)
650 _aادب -- اردو
_9124004
650 _aاردو غزل
_9124005
650 _a Literature -- urdu
_9124006
650 _aUrdu poetry
_9124007
942 _2ddc
_cUR
_h841
_mم ح م
999 _c108119
_d108119